000 00460 a2200157 4500
999 _c26509
_d26509
008 230627b ||||| |||| 00| 0 eng d
020 _a9789389763232
_cRs400.00
041 0 _aeng
082 0 0 _a623.873
_bG9775
100 _aGupta, Atul Kumar
245 _aA Textbook of Marine Boilers /
_cAtul Kumar Gupta
260 _a[S.I.]
_bBlue Rose Publishers,
_cc2020.
300 _avii, 259 p. :
_bill. ;
_c21 cm.
650 0 _aMarine Steam Boilers
942 _2ddc
_cBK